| 000 | 00742nab a2200217 4500 | ||
|---|---|---|---|
| 999 |
_c371665 _d371665 |
||
| 001 | 242935 | ||
| 003 | OSt | ||
| 005 | 20220602151020.0 | ||
| 007 | tu | ||
| 008 | 190522s2019||||||| | ||
| 040 |
_aDE-2950 _cDE-2950 |
||
| 245 | 0 | 0 |
_aFrankfurter Linke wählt Doppelspitze. _bAm Samstag (7.5.2022) traf sich DIE LINKE. Frankfurt (Oder) zum Kreisparteitag im Carl-Friedrich-Gauß-Gymnasium. Die anwesenden Mitglieder des Kreisverbandes wählten turnusgemäß einen neuen Kreisvorstand. |
| 264 | _c2022 | ||
| 500 | _aFormat: 1 | ||
| 525 | _aEnthaltene Fotografien: Foto | ||
| 653 | _aFrankfurt (Oder) | ||
| 653 | _aPartei DIE LINKE | ||
| 653 | _aKreisparteitag | ||
| 773 | 0 |
_g27.Mai 2022 / Ausgabe 03.2022, S. 7 _tDer Rote Hahn |
|
| 942 |
_2z _cA |
||